Weather architecture / (Record no. 8755)
[ view plain ]
| 000 -LEADER | |
|---|---|
| fixed length control field | 03030cam a2200421 a 4500 |
| 001 - CONTROL NUMBER | |
| control field | 16818194 |
| 003 - CONTROL NUMBER IDENTIFIER | |
| control field | OSt |
| 005 - DATE AND TIME OF LATEST TRANSACTION | |
| control field | 20260406092324.0 |
| 008 - FIXED-LENGTH DATA ELEMENTS--GENERAL INFORMATION | |
| fixed length control field | 110609s2012 enka b 001 0 eng |
| 010 ## - LIBRARY OF CONGRESS CONTROL NUMBER | |
| LC control number | 2011024761 |
| 020 ## - INTERNATIONAL STANDARD BOOK NUMBER | |
| International Standard Book Number | 9780415668606 |
| Qualifying information | hardback |
| 020 ## - INTERNATIONAL STANDARD BOOK NUMBER | |
| International Standard Book Number | 9780415668613 |
| Qualifying information | pbk |
| 035 ## - SYSTEM CONTROL NUMBER | |
| System control number | 16818194 |
| 040 ## - CATALOGING SOURCE | |
| Original cataloging agency | DLC |
| Transcribing agency | DLC |
| 042 ## - AUTHENTICATION CODE | |
| Authentication code | pcc |
| 050 00 - LIBRARY OF CONGRESS CALL NUMBER | |
| Classification number | NA2541 |
| Item number | .H55 2012 |
| 082 00 - DEWEY DECIMAL CLASSIFICATION NUMBER | |
| Classification number | 720.4 H55 2012 |
| Edition number | 23 |
| 084 ## - OTHER CLASSIFICATION NUMBER | |
| Classification number | ARC000000 |
| -- | ARC001000 |
| -- | ARC018000 |
| Number source | bisacsh |
| 100 1# - MAIN ENTRY--PERSONAL NAME | |
| Personal name | Hill, Jonathan, |
| Dates associated with a name | 1958- |
| 245 10 - TITLE STATEMENT | |
| Title | Weather architecture / |
| Statement of responsibility, etc. | Jonathan Hill. |
| 260 ## - PUBLICATION, DISTRIBUTION, ETC. | |
| Place of publication, distribution, etc. | London ; |
| -- | New York : |
| Name of publisher, distributor, etc. | Routledge, |
| Date of publication, distribution, etc. | 2012. |
| 300 ## - PHYSICAL DESCRIPTION | |
| Extent | xiv, 370 p. : |
| Other physical details | ill. ; |
| Dimensions | 26 cm. |
| 336 ## - CONTENT TYPE | |
| Content type term | text |
| Content type code | txt |
| Source | rdacontent |
| 337 ## - MEDIA TYPE | |
| Media type term | unmediated |
| Media type code | n |
| Source | rdamedia |
| 338 ## - CARRIER TYPE | |
| Carrier type term | volume |
| Carrier type code | nc |
| Source | rdacarrier |
| 504 ## - BIBLIOGRAPHY, ETC. NOTE | |
| Bibliography, etc. note | Includes bibliographical references (p. 324-354) and index. |
| 520 ## - SUMMARY, ETC. | |
| Summary, etc. | "This book considers climate as well as weather but its principal focus is everyday experience. Weather and climate differ in duration and scale. Unlike the weather, which we can see and feel at a specific time and place, we cannot directly perceive climate because it is an idea aggregated over many years and across a region. Weather Architecture further extends Hill's investigation of authorship by recognising the weather as a creative architectural force alongside the designer and user. Although he acknowledges the influence of the client, contractor and engineer, the relations between the designer, user and weather are the focus of this book. Environmental discussions in architecture tend to focus on the practical or the poetic but here they are considered together. Rather than investigate architecture's relations to the weather in isolation, they are integrated into a wider discussion of cultural and social influences on architecture. The analysis of weather's effects on the design and experience of specific buildings and gardens is interwoven with a historical survey of changing attitudes to the weather in the arts, sciences and society, which leads to a critical re-evaluation of contemporary responses to climate change. At a time when environmental awareness is of growing relevance, the overriding aim is to understand a history of architecture as a history of weather and thus to consider the weather as an architectural author that influences design, construction and use in a creative dialogue with other authors such as the architect and user"-- |
| Assigning source | Provided by publisher. |
| 650 #0 - SUBJECT ADDED ENTRY--TOPICAL TERM | |
| Topical term or geographic name entry element | Architecture and climate. |
| 650 #0 - SUBJECT ADDED ENTRY--TOPICAL TERM | |
| Topical term or geographic name entry element | Architecture and society. |
| 650 #0 - SUBJECT ADDED ENTRY--TOPICAL TERM | |
| Topical term or geographic name entry element | Weather |
| General subdivision | Social aspects. |
| 650 #7 - SUBJECT ADDED ENTRY--TOPICAL TERM | |
| Topical term or geographic name entry element | ARCHITECTURE / General. |
| Source of heading or term | bisacsh |
| 650 #7 - SUBJECT ADDED ENTRY--TOPICAL TERM | |
| Topical term or geographic name entry element | ARCHITECTURE / Criticism. |
| Source of heading or term | bisacsh |
| 650 #7 - SUBJECT ADDED ENTRY--TOPICAL TERM | |
| Topical term or geographic name entry element | ARCHITECTURE / Sustainability & Green Design. |
| Source of heading or term | bisacsh |
| 906 ## - LOCAL DATA ELEMENT F, LDF (RLIN) | |
| a | 7 |
| b | cbc |
| c | orignew |
| d | 1 |
| e | ecip |
| f | 20 |
| g | y-gencatlg |
| 942 ## - ADDED ENTRY ELEMENTS (KOHA) | |
| Source of classification or shelving scheme | Dewey Decimal Classification |
| Koha item type | English Book |
| Suppress in OPAC | No |
| Withdrawn status | Lost status | Source of classification or shelving scheme | Damaged status | Not for loan | Home library | Current library | Date acquired | Total Checkouts | Full call number | Barcode | Date last seen | Price effective from | Koha item type |
|---|---|---|---|---|---|---|---|---|---|---|---|---|---|
| Dewey Decimal Classification | CENTRAL | TUWAIQ | 04/06/2026 | 720.4 H55 2012 | 1000000029051 | 04/06/2026 | 04/06/2026 | English Book |
